| 000 | 01865cam a2200337 i 4500 | ||
|---|---|---|---|
| 999 |
_c16648 _d16648 |
||
| 008 | 120202s2013 nyua b 001 0 eng | ||
| 020 | _a9781133133926 (pbk) | ||
| 020 | _a1133133924 (pbk) | ||
| 050 | 0 | 0 | _aR728.8 .F64 2013 |
| 100 | 1 | _aFrench, Linda L. | |
| 245 | 1 | 0 |
_aAdministrative medical assisting / _cLinda L. French, CMA-C (AAMA), NCICS, CPC, formerly, Instructor and Business Consultant, Administrative Medical Assisting, Medical Terminology, and Medical Insurance Billing and Coding, Simi Valley Adult School and Career Institute, Simi Valley, California, Ventura College, Ventura, California, Oxnard College, Oxnard, California, Santa Barbara Business College, Ventura, California, Marilyn T. Fordney, CMA-AC (AAMA), formerly, Instructor of Medical Insurance, Medical Terminology, Medical Machine Transcription, and Medical Office Procedures, Ventura College, Ventura, California. |
| 250 | _aSeventh edition. | ||
| 260 |
_aAustralia : _bDelmar Cengage leraning, _c2013. |
||
| 300 |
_a1 volume (various pagings) : _billustrations (some color) ; _c28 cm |
||
| 504 | _aIncludes bibliographical references and index. | ||
| 650 | 0 | _aMedical assistants. | |
| 650 | 0 |
_aMedical offices _xManagement. |
|
| 700 | 1 | _aFordney, Marilyn Takahashi. | |
| 942 |
_2lcc _cBOOKS _hR728.8 .F64 2013 |
||